Violencia institucional y salud mental / (Registro nro. 5808)
[ vista simple ]
| 000 -LEADER | |
|---|---|
| fixed length control field | 00984nab a22002057a 4500 |
| 003 - CONTROL NUMBER IDENTIFIER | |
| control field | OSt |
| 005 - DATE AND TIME OF LATEST TRANSACTION | |
| control field | 20260106223911.0 |
| 008 - FIXED-LENGTH DATA ELEMENTS--GENERAL INFORMATION | |
| fixed length control field | 190514b xxu||||| |||| 00| 0 spa d |
| 040 ## - CATALOGING SOURCE | |
| Transcribing agency | PJ |
| 100 ## - MAIN ENTRY--PERSONAL NAME | |
| 9 (RLIN) | 1002 |
| Personal name | Pagano, Luz María |
| 245 10 - TITLE STATEMENT | |
| Title | Violencia institucional y salud mental / |
| Statement of responsibility, etc | Luz M. Pagano. |
| 300 ## - PHYSICAL DESCRIPTION | |
| Extent | p. 16-27 |
| 505 ## - FORMATTED CONTENTS NOTE | |
| Formatted contents note | Sumario: I. Introducción.— II. Rasgos comunes a toda persona con discapacidad psicosocial en situación de encierro.— III. Violencia institucional.— IV. De violencias, microviolencias y “bromas”.— V. Violencia de género.— VI. Violencia institucional en la niñez y adolescencia.— VII. Algunas conclusiones. |
| 505 ## - FORMATTED CONTENTS NOTE | |
| Title | Si te interesa el texto, comunicate a koha@justierradelfuego.gov.ar |
| 650 #0 - SUBJECT ADDED ENTRY--TOPICAL TERM | |
| 9 (RLIN) | 2584 |
| Topical term or geographic name as entry element | VIOLENCIA |
| 650 #0 - SUBJECT ADDED ENTRY--TOPICAL TERM | |
| 9 (RLIN) | 614 |
| Topical term or geographic name as entry element | DERECHOS HUMANOS |
| 650 #0 - SUBJECT ADDED ENTRY--TOPICAL TERM | |
| 9 (RLIN) | 1272 |
| Topical term or geographic name as entry element | SALUD MENTAL |
| 773 0# - HOST ITEM ENTRY | |
| Host Biblionumber | 2844 |
| Host Itemnumber | 3222 |
| Place, publisher, and date of publication | Buenos Aires : AbeledoPerrot, 1989- |
| Title | Derecho de familia. N° 117 - Noviembre 2024 |
| International Standard Book Number | 18511201 |
| 942 ## - ADDED ENTRY ELEMENTS (KOHA) | |
| Source of classification or shelving scheme | |
| Koha item type | Analítica Artículo de Revista |
No hay ítems disponibles.
